| 000 | 00564nam a2200205Ia 4500 | ||
|---|---|---|---|
| 005 | 20250326143310.0 | ||
| 008 | 250326s9999 xx 000 0 und d | ||
| 020 | _a0-07-023924-X | ||
| 037 | _aTextbook | ||
| 040 |
_aFMSL _beng _cFMSL |
||
| 041 |
_aeng _2eng |
||
| 084 |
_aD658(2:55) N4 _qFMSL |
||
| 100 |
_aGottfried B S _9735580 |
||
| 245 | 0 |
_aProgramming with pascal _cGottfried B S |
|
| 250 | _a2 | ||
| 260 |
_aNew Delhi _bNew Delhi, Tata McGraw Hill _c1994 |
||
| 300 | _a428p | ||
| 942 |
_cTB _hD658(2:55) N4 |
||
| 999 |
_c1298975 _d1298975 |
||